Η ελληνική ημισέληνος = Le croissant Grec

Αποθηκεύτηκε σε:
Λεπτομέρειες βιβλιογραφικής εγγραφής
Κύριος συγγραφέας: Μουτσόπουλος, Νικόλαος Κ., 1927-2019
Άλλοι συγγραφείς: Δημητροκάλλης, Γεώργιος, 1933-
Μορφή: Βιβλίο
Γλώσσα:Greek
Δημοσίευση: Αθήναι : [χ.ό.], 1988.
Θέματα:
Ετικέτες: Προσθήκη ετικέτας
Δεν υπάρχουν, Καταχωρήστε ετικέτα πρώτοι!

MARC

LEADER 00000cam a2200000 i 4500
001 1/76426
008 970211s1988 gr | ||| |||| ||gre||
035 |a 1990  |b 1  |c Δωρεά  |l 10032402 
040 |a GR-MyUa  |b gre  |e AACR2 
041 0 |a gre 
082 7 |a 709.0214   |2 (22) 
100 1 |a Μουτσόπουλος, Νικόλαος Κ.,   |d 1927-2019. 
245 1 2 |a Η ελληνική ημισέληνος =   |b Le croissant Grec /   |c Ν. Μουτσόπουλου, Γ. Δημητροκάλλης. 
246 1 |i Παράλληλος τίτλος:   |a Le croissant Grec 
260 |a Αθήναι :   |b [χ.ό.],   |c 1988. 
300 |a 125 σ. :   |b εικ. ;   |c 24 εκ. 
650 0 |a Stars in art. 
650 0 |a Christian art and symbolism  |z Byzantine Empire. 
650 0 |a Art, Byzantine. 
651 0 |a Moon  |x In art. 
700 1 |a Δημητροκάλλης, Γεώργιος,   |d 1933- 
852 |a INST  |b RHODES  |e 19970211  |h 709.0214 MOY  |p 005400010432  |q 005400010432  |t BK  |y 0